| 000 | 01124cam a2200265 4500 | ||
|---|---|---|---|
| 001 | sa 68015456 | ||
| 003 | DLC | ||
| 005 | 20260227112643.0 | ||
| 008 | 700320s1965 ii b 100 0 eng | ||
| 010 | _asa 68015456 | ||
| 025 | _aPL480:I-E-9573 | ||
| 040 |
_aDLC _cDLC _dDLC |
||
| 050 | 0 | 0 |
_aLB1629.5.I48 _bS4 1964 |
| 082 | 0 | 0 | _a373.1/9/0954 |
| 111 | 2 |
_aSeminar on Curriculum Improvement in Secondary Education, _cMaharaja Sayajirao University of Baroda, _d1964. |
|
| 245 | 1 | 0 |
_aCurriculum improvement in secondary education; _breport of the seminar held from 8th to 12th Dec., 64. _cEdited by A. S. Patel and B. P. Lulla. |
| 260 |
_aBaroda, _bCentre for Advanced Study in Education, Faculty of Education and Psychology, M.S. University of Baroda, _c1965. |
||
| 300 |
_aviii, 125 p. _c22 cm. |
||
| 490 | 1 | _aCurriculum monographs, c-3 | |
| 504 | _aIncludes bibliographies. | ||
| 650 | 0 |
_aEducation, Secondary _xCurricula _zIndia _vCongresses. |
|
| 700 | 1 |
_aPatel, Ambalal Somabhai, _d1918- _eed. |
|
| 700 | 1 |
_aLulla, Basant P., _d1929- _eed. |
|
| 810 | 2 |
_aCentre for Advanced Study in Education. _tCurriculum monograph, _vc-3 |
|
| 999 |
_c86469 _d86469 |
||